Lecciones preliminares de filosofía
-д хадгалсан:
| Үндсэн зохиолч: | |
|---|---|
| Формат: | Ном |
| Хэл сонгох: | испани |
| Хэвлэсэн: |
Buenos Aires
Losada
1952
|
| Хэвлэл: | 5a. ed |
| Цуврал: | Biblioteca filosófica
|
| Нөхцлүүд: | |
| Шошгууд: |
Шошго нэмэх
Шошго байхгүй, Энэхүү баримтыг шошголох эхний хүн болох!
|
MARC
| LEADER | 00000nam a2200000 a 4500 | ||
|---|---|---|---|
| 001 | UCZ2133 | ||
| 003 | CL-VaPUC | ||
| 008 | 950926e19520000AG |||||||||||||||||spa|d | ||
| 082 | 0 | 4 | |a 100 |b GAR |2 21 |
| 100 | |a García Morente, Manuel |e autor |9 347175 | ||
| 245 | 1 | 0 | |a Lecciones preliminares de filosofía |
| 250 | |a 5a. ed | ||
| 300 | |a 409 p | ||
| 942 | |c BK | ||
| 945 | |d 19950926 00:00:00 |a cmena | ||
| 260 | |a Buenos Aires |b Losada |c 1952 | ||
| 650 | 0 | |a Filosofía |9 223554 | |
| 650 | 7 | |a METODOS |2 CL-VaPUC |9 335948 | |
| 650 | 0 | |a Ontología |9 256850 | |
| 650 | 0 | |a Metafísica |9 265649 | |
| 650 | 0 | |a Fenomenología |9 256519 | |
| 650 | 0 | |a Estética |9 264950 | |
| 583 | |a last modification |c 19950926 00:00:00 |k Rodrigo Vera | ||
| 490 | 0 | |a Biblioteca filosófica | |
| 999 | |c 238780 |d 238778 | ||
| 952 | |0 0 |1 0 |4 0 |6 100_000000000000000_GAR_1952 |7 0 |8 A |9 249263 |a BIBEDU |b BIBEDU |d 2019-11-18 |i 1564765 |l 2 |o 100 GAR 1952 |p 1564765 |r 2023-03-24 |s 2023-03-16 |w 2019-11-18 |y BK |k FIL | ||
| 952 | |0 0 |1 0 |4 0 |6 100_000000000000000_GAR_1952 |7 0 |8 R |9 249264 |a BIBEDU |b BIBEDU |c MCIRC |d 2019-11-18 |i 2882620 |l 3 |o 100 GAR 1952 |p 2882620 |r 2023-05-09 |s 2023-05-04 |w 2019-11-18 |y BK |k FIL | ||
| 952 | |0 0 |1 0 |4 0 |6 100_000000000000000_GAR_1952 |7 0 |8 A |9 249266 |a FDOPOS |b FDOPOS |d 2019-11-18 |i 4270436 |o 100 GAR 1952 |p 4270436 |r 2025-01-22 |w 2019-11-18 |y BK |k MLA | ||